000 00523nam a2200169 4500
001 136341
003 ES-MaACL
005 20230906195108.0
007 t|
008 070214s1966 sp r ||||1| spa d
245 0 3 _aEl sacerdote ante la exigencia de los tiempos /
_cStefan Lászlo [et. al.] ; traducción de Carlos F. Barberá.
260 _aMadrid :
_bFax,
_c1966.
300 _a325 p. ;
_c18 cm.
700 1 _aLászlo, Stefan.
_970510
700 1 _aBarberá, Carlos F.
_925413
852 _aES-MaACL
_jC-31191
_bR.61626
999 _c136341
_d136341